América Latina: Enseñanza del derecho internacional público /

Gespeichert in:
Bibliographische Detailangaben
1. Verfasser: Vega, Gustavo
Weitere Verfasser: Puig, Juan Carlos, Gros Espiell, Héctor, Székely, Alberto
Format: Text
Veröffentlicht: Caracas: URSHSLAC-UNESCO
Tags: Tag hinzufügen
Keine Tags, Fügen Sie den ersten Tag hinzu!

MARC

LEADER 00000 a a2200000 04500
001 25345
003
040 |a CRAI/IIS  |c CRAI/IIS 
020 |a 980-6048-47-4  
022 |a 980-6048-47-4  
090 |a 181200  
100 |a Vega, Gustavo  
245 |a América Latina: Enseñanza del derecho internacional público /  |c Gustavo Vega 
260 |a Caracas:   |b URSHSLAC-UNESCO  
300 |a 131 p  
700 |a Puig, Juan Carlos  
700 |a Gros Espiell, Héctor  
700 |a Székely, Alberto  
999 |c 7274  |d 7274